000 01071cam a2200337 a 4500
001 0000005157
005 20170406120414.0
008 880414s1988 mdua b 001 0 eng c
010 _a 88014498
020 _a0871897830
035 _9(DLC) 88014498
040 _aDNLM/DLC
_cDLC
_dDLC
050 0 0 _aRC627.6
_b.E44 1988
060 0 _aWD 200 E53
082 0 0 _a616.3/9025
_219
245 0 0 _aEmergency management of metabolic and endocrine disorders /
_cSteven R. Silverstein, editor ; David Frommer, associate editor.
260 _aRockville, MD :
_bAspen Publishers,
_c1988.
300 _axvi, 235 p. :
_bill. ;
_c24 cm.
504 _aIncludes bibliographies and index.
650 0 _aMetabolism
_xDisorders.
650 0 _aBody fluid disorders.
650 0 _aEndocrine glands
_xDiseases.
650 0 _aMedical emergencies.
650 2 _aCritical Care.
650 2 _aEmergencies.
650 2 _aEndocrine Diseases.
650 2 _aMetabolic Diseases.
700 1 _aSilverstein, Steven R.
700 1 _aFrommer, David.
908 _a141204
999 _c4961
_d4961